| Tag |
First Indicator |
Second Indicator |
Subfields |
| LEADER |
00000cam a2200000 i 4500 |
| 001 |
in00000043290 |
| 005 |
20151007070942.0 |
| 008 |
790625s1979 ohuaf b 00010 eng |
| 010 |
|
|
|a 78071794
|
| 035 |
|
|
|a (OCoLC)05172347
|
| 035 |
|
|
|9 AAE5032AM
|
| 040 |
|
|
|a DLC
|c DLC
|d TXA
|d UtOrBLW
|
| 049 |
|
|
|a TXAM
|c 1 [1383543], 2 [273693]
|
| 050 |
0 |
0 |
|a SB433
|b D26
|
| 082 |
0 |
|
|a 635.9/64
|
| 100 |
1 |
|
|a Daniel, William Hugh,
|d 1919-
|
| 245 |
1 |
0 |
|a Turf managers' handbook /
|c by W. H. Daniel, R. P. Freeborg.
|
| 264 |
|
1 |
|a Cleveland :
|b Business Publications Division of Harvest Pub. Co.,
|c [1979]
|
| 264 |
|
4 |
|c ©1979
|
| 300 |
|
|
|a 423 pages, 8 unnumbered leaves of plates :
|b illustrations ;
|c 24 cm.
|
| 336 |
|
|
|a text
|b txt
|2 rdacontent
|
| 337 |
|
|
|a unmediated
|b n
|2 rdamedia
|
| 338 |
|
|
|a volume
|b nc
|2 rdacarrier
|
| 504 |
|
|
|a Includes bibliographical references.
|
| 650 |
|
0 |
|a Turf management
|x Handbooks, manuals, etc.
|
| 700 |
1 |
|
|a Freeborg, R. P.
|
| 999 |
|
|
|a MARS
|
| 999 |
f |
f |
|s 6446a071-2800-3881-9beb-04210fd98d7c
|i ae786d15-745e-3fe5-9381-0ccd59fb3f04
|t 0
|
| 952 |
f |
f |
|p ric
|a Texas A&M University
|b Rellis Campus
|c Joint Library Facility
|d Remote Storage
|t 0
|e SB433 D26
|h Library of Congress classification
|i unmediated -- volume
|m A14805205466
|
| 998 |
f |
f |
|a SB433 D26
|t 0
|l Remote Storage
|